| 000 | 00330nam a2200133Ia 4500 | ||
|---|---|---|---|
| 005 | 20251222140040.0 | ||
| 008 | 251222s1900||||xx |||||||||||||| ||spa|| | ||
| 082 | _aREF.800.3/G26 | ||
| 100 | _aPiazza Massarotti, Vanna | ||
| 245 | 0 | _aEnciclopedia Garzanti della Letteratura | |
| 250 | _a4a.ed. | ||
| 264 | _bGarzanti | ||
| 942 | _cLIB | ||
| 999 |
_c3248 _d3248 |
||